[Event "Moscow op2"]
[Site "Moscow"]
[Date "1995.??.??"]
[Round "4"]
[White "Baikov, Vladimir A"]
[Black "Sosnin, Nikolay N"]
[Result "1-0"]
[WhiteElo "2370"]
[BlackElo "2210"]
[PlyCount "51"]
[EventDate "1995.11.??"]
[EventType "swiss"]
[EventRounds "9"]
[EventCountry "RUS"]
[SourceTitle "EXT 1998"]
[Source "ChessBase"]
[SourceDate "1997.11.17"]
[SourceVersion "1"]
[SourceVersionDate "1997.11.17"]
[SourceQuality "1"]

1. d4 c5 2. d5 e6 3. c4 exd5 4. cxd5 d6 5. Nc3 Be7 6. Bf4 Bf6 7. Nf3 a6 8. Qa4+ Kf8 9. e3 Bf5 10. Be2 Ne7 11. e4 Bg4 12. 0-0 Ng6 13. Bg3 Bxf3 14. Bxf3 h5 15. h3 Ne5 16. Be2 h4 17. Bh2 Nbd7 18. Qc2 b5 19. a4 b4 20. Nd1 Qb6 21. Ne3 Ke7 22. a5 Qc7 23. f4 Ng6 24. e5 dxe5 25. d6+ Kxd6 26. Nf5+ 1-0

[Event "Moscow op2"]
[Site "Moscow"]
[Date "1995.??.??"]
[Round "8"]
[White "Radjabov, Ravshan"]
[Black "Sosnin, Nikolay N"]
[Result "1-0"]
[WhiteElo "2120"]
[BlackElo "2210"]
[PlyCount "53"]
[EventDate "1995.11.??"]
[EventType "swiss"]
[EventRounds "9"]
[EventCountry "RUS"]
[SourceTitle "EXT 1998"]
[Source "ChessBase"]
[SourceDate "1997.11.17"]
[SourceVersion "1"]
[SourceVersionDate "1997.11.17"]
[SourceQuality "1"]

1. e4 g6 2. d4 Bg7 3. Nc3 c6 4. Be3 d6 5. Qd2 b5 6. 0-0-0 Qa5 7. h4 h5 8. Nf3 Nd7 9. Kb1 Rb8 10. Bd3 Nh6 11. e5 dxe5 12. dxe5 Nf5 13. Bxf5 gxf5 14. Bf4 Nc5 15. Nd4 0-0 16. Nxc6 Qc7 17. Nd5 Qb7 18. Nxb8 Ne4 19. Qe2 Be6 20. Nc6 Bxd5 21. Rxd5 e6 22. Qxb5 Qc7 23. Rdd1 Rc8 24. Nd4 Nxf2 25. Rhf1 Ne4 26. Qe2 Rb8 27. Nb3 1-0